| Record ID | ia:lightfantasticn00prat |
| Source | Internet Archive |
| Download MARC XML | https://archive.org/download/lightfantasticn00prat/lightfantasticn00prat_marc.xml |
| Download MARC binary | https://www.archive.org/download/lightfantasticn00prat/lightfantasticn00prat_meta.mrc |
LEADER: 00743cam a22002538a 4500
001 2005046263
003 DLC
005 20091222154157.0
008 050512r20052000nyu 000 1 eng
010 $a 2005046263
020 $a0060855886 (acid-free paper)
040 $aDLC$cDLC
050 00 $aPR6066.R34$bL54 2005
082 00 $a823/.914$222
100 1 $aPratchett, Terry.
245 14 $aThe light fantastic :$ba novel of discworld /$cTerry Pratchett.
260 $aNew York :$bHarper,$c2005.
263 $a0509
300 $ap. cm.
650 0 $aVimes, Samuel (Fictitious character)$vFiction.
650 0 $aDiscworld (Imaginary place)$vFiction.
655 7 $aHumorous fiction.$2gsafd
655 7 $aFantasy fiction.$2gsafd
655 7 $aSatire.$2lcsh